Historical anthropology of the family

Αποθηκεύτηκε σε:
Λεπτομέρειες βιβλιογραφικής εγγραφής
Κύριος συγγραφέας: Segalen, Martine
Άλλοι συγγραφείς: Whitehouse, J. C. (Μεταφραστής), Matthews, Sarah (Μεταφραστής)
Μορφή: Βιβλίο
Γλώσσα:English
Δημοσίευση: Cambridge : Cambridge University Press, c1994
Σειρά:Themes in the social sciences
Θέματα:
Ετικέτες: Προσθήκη ετικέτας
Δεν υπάρχουν, Καταχωρήστε ετικέτα πρώτοι!

MARC

LEADER 00000nam a2200000 i 4500
001 1/15567
008 980619s1994 eng d
020 |a 0-521-27670-5 
035 |l 10019875 
040 |a GR-MY-UA  |b gre  |e aacr 
041 0 |a eng 
082 0 |a 306.85 
100 1 |a Segalen, Martine. 
245 1 0 |a Historical anthropology of the family /  |c Martine Segalen ; Translated by J.C. Whitehouse and Sarah Matthews 
260 |a Cambridge :   |b Cambridge University Press,   |c c1994 
300 |a 328 p. 
490 1 |a Themes in the social sciences 
504 |a Includes bibliographical references and index 
650 0 0 |a Family. 
650 0 0 |a Family  |x History. 
650 0 0 |a Kinship. 
650 0 0 |a Marriage. 
700 1 |a Whitehouse, J. C.  |4 trl 
700 1 |a Matthews, Sarah.  |4 trl 
830 0 |a Themes in the social sciences 
852 |a INST  |b LESVOS  |e 19980619  |h 306.85 SEG  |p 005100014300  |q 005100014300  |t BK  |y 0 
901 |a BIBL-1998-2 
909 |a Λ  |b 043966 
922 |a 1ΔΩΡ  |b 199602  |c ΤΚΑ